Financial Spillovers to Chile /

This paper quantifies financial spillovers from global risk factors to banks' funding costs in Chile. It decomposes Chilean banks' bond and interbank spreads into domestic and external factors. The results suggest moderate spillovers. On average, global spillovers pushed up bank bond and i...

Descrición completa

Detalles Bibliográficos
Autor Principal: Podpiera, Jiri
Formato: Revista
Idioma:English
Publicado: Washington, D.C. : International Monetary Fund, 2012.
Series:IMF Working Papers; Working Paper ; No. 2012/254
Acceso en liña:Full text available on IMF
LEADER 01480cas a2200241 a 4500
001 AALejournalIMF013149
008 230101c9999 xx r poo 0 0eng d
020 |c 5.00 USD 
020 |z 9781475552195 
022 |a 1018-5941 
040 |a BD-DhAAL  |c BD-DhAAL 
100 1 |a Podpiera, Jiri. 
245 1 0 |a Financial Spillovers to Chile /  |c Jiri Podpiera. 
264 1 |a Washington, D.C. :  |b International Monetary Fund,  |c 2012. 
300 |a 1 online resource (17 pages) 
490 1 |a IMF Working Papers 
500 |a <strong>Off-Campus Access:</strong> No User ID or Password Required 
500 |a <strong>On-Campus Access:</strong> No User ID or Password Required 
506 |a Electronic access restricted to authorized BRAC University faculty, staff and students 
520 3 |a This paper quantifies financial spillovers from global risk factors to banks' funding costs in Chile. It decomposes Chilean banks' bond and interbank spreads into domestic and external factors. The results suggest moderate spillovers. On average, global spillovers pushed up bank bond and interbank spreads in Chile by about 50 basis points in 2008-12. While in 2008-09, most spillovers originated in the U.S., in mid-2010 onwards, European distress played a prominent role. 
538 |a Mode of access: Internet 
830 0 |a IMF Working Papers; Working Paper ;  |v No. 2012/254 
856 4 0 |z Full text available on IMF  |u http://elibrary.imf.org/view/journals/001/2012/254/001.2012.issue-254-en.xml  |z IMF e-Library